| 000 | 01012nac a22003135a 4500 | ||
|---|---|---|---|
| 006 | a||||fq|||| 00| 0 | ||
| 008 | 091021t2007 ny ad||| |||| 001 0 eng d | ||
| 010 | _a 2005056945 | ||
| 020 | _a1418029874 | ||
| 020 | _a9781418029876 | ||
| 035 | _a(OCoLC)ocm62430943 | ||
| 035 | _a(OCoLC)62430943 | ||
| 040 |
_aEG-Sc BUE _beng _cEG-Sc BUE |
||
| 082 | 0 | 4 |
_a604.2 _bMAD _222 |
| 100 | 1 |
_aMadsen, David A. _99050 |
|
| 245 | 1 | 0 |
_aEngineering Drawing & Design / _cDavid A. Madsen, David P. Madsen, J. Lee Turpin. |
| 246 | 3 | _aEngineering drawing and design | |
| 250 | _a4th ed. | ||
| 260 |
_aClifton Park : _bDelmar Thomson Learning, _cc.2007. |
||
| 300 |
_axxvii, 1105 p. : _bill. ; _c29 cm. + _e1 CD-ROM (4 3/4 in.) |
||
| 490 | 0 | _aDrafting and design series | |
| 500 | _aIndex : p.1085-1105. | ||
| 590 | _aDoha Ragab | ||
| 650 | 0 |
_aMechanical drawing. _99051 _2BUEsh |
|
| 651 | _2BUEsh | ||
| 700 | 1 |
_aMadsen, David P. _99052 |
|
| 700 | 1 |
_aTurpin, J. Lee. _99053 |
|
| 942 |
_cBB _k604.2 ENG _2ddc |
||
| 999 |
_c8859 _d8859 |
||